书目信息 |
| 题名: |
鲁迅
|
|
| 作者: | ;鲁迅博物馆 编 | |
| 分册: | 二 | |
| 出版信息: | 北京 文物出版社 1978 |
|
| 页数: | 10张 | |
| 开本: | 17cm | |
| 丛书名: | ||
| 单 册: | ||
| 中图分类: | I210.5 | |
| 科图分类: | ||
| 主题词: | 鲁迅著作--手稿 , 文学--作品集--中国 | |
| 电子资源: | ||
| ISBN: | ||
| 000 | 00595nam0 2200229 45 | |
| 001 | 0178003622 | |
| 005 | 20060920101411.95 | |
| 010 | @b套装@dCNY0.45 | |
| 091 | @aCN@b8068.670 | |
| 100 | @a19950718d1978 em y0chiy0121 ea | |
| 101 | 0 | @achi |
| 102 | @aCN@b110000 | |
| 105 | @ay z 000yy | |
| 200 | 10 | @a鲁迅@Alu xun@h二@f鲁迅博物馆编 |
| 210 | @a北京@c文物出版社@d1978 | |
| 215 | @a10张@d17cm | |
| 606 | @a鲁迅著作@x手稿 | |
| 606 | 0 | @a文学@x作品集@x中国 |
| 690 | @aI210.5@v3 | |
| 711 | 02 | @a鲁迅博物馆@Alu xun bo wu guan@4编 |
| 801 | 0 | @aCN@bTSSF@c20060920 |
| 905 | @a10447@dI210.5@e236:2 | |
| 鲁迅.二/鲁迅博物馆编.-北京:文物出版社,1978 |
| 10张;17cm |
| ISBN (套装):CNY0.45 |
| ● |
| 相关链接 |
|
|
|
|
正题名:鲁迅
索取号:I210.5/236:2
 
预约/预借
| 序号 | 登录号 | 条形码 | 馆藏地/架位号 | 状态 | 备注 |
| 1 | 0472496 | 204724968 | 密集书库/ [索取号:I210.5/236:2] | 在馆 |